Система международной сертификации и регистрации профессиональных инженеров; Высшее образование в России; № 4
| Parent link: | Высшее образование в России № 4.— 2011.— [С. 86-90] |
|---|---|
| Yazar: | |
| Diğer Yazarlar: | , |
| Özet: | Заглавие с экрана Во многих развитых странах успешно функционирует система регулирования инженерной профессии, основанная на сертификации и регистрации профессиональных инженеров. В статье рассматривается российский опыт построения аналогичной системы на основе международного стандарта APEC Engineer Register, а также первые результаты ее функционирования. The Russian experience in creation of the system of professional engineers' certification and registration on the basis of the international standard APEC Engineer Register and the results of its functioning are considered. Режим доступа: по договору с организацией-держателем ресурса |
| Dil: | Rusça |
| Baskı/Yayın Bilgisi: |
2011
|
| Seri Bilgileri: | Из жизни вуза |
| Konular: | |
| Online Erişim: | https://elibrary.ru/item.asp?id=16357009 |
| Materyal Türü: | Elektronik Kitap Bölümü |
| KOHA link: | https://koha.lib.tpu.ru/cgi-bin/koha/opac-detail.pl?biblionumber=656382 |
MARC
| LEADER | 00000naa0a2200000 4500 | ||
|---|---|---|---|
| 001 | 656382 | ||
| 005 | 20250403164203.0 | ||
| 035 | |a (RuTPU)RU\TPU\network\22823 | ||
| 035 | |a RU\TPU\network\22688 | ||
| 090 | |a 656382 | ||
| 100 | |a 20171109d2011 k||y0rusy50 ca | ||
| 101 | 0 | |a rus | |
| 102 | |a RU | ||
| 135 | |a drcn ---uucaa | ||
| 181 | 0 | |a i | |
| 182 | 0 | |a b | |
| 200 | 1 | |a Система международной сертификации и регистрации профессиональных инженеров |d The system of international certification and registration of professional engineers |f П. С. Чубик, А. И. Чучалин, А. В. Замятин | |
| 203 | |a Текст |c электронный | ||
| 225 | 1 | |a Из жизни вуза | |
| 300 | |a Заглавие с экрана | ||
| 330 | |a Во многих развитых странах успешно функционирует система регулирования инженерной профессии, основанная на сертификации и регистрации профессиональных инженеров. В статье рассматривается российский опыт построения аналогичной системы на основе международного стандарта APEC Engineer Register, а также первые результаты ее функционирования. | ||
| 330 | |a The Russian experience in creation of the system of professional engineers' certification and registration on the basis of the international standard APEC Engineer Register and the results of its functioning are considered. | ||
| 333 | |a Режим доступа: по договору с организацией-держателем ресурса | ||
| 461 | |t Высшее образование в России | ||
| 463 | |t № 4 |v [С. 86-90] |d 2011 | ||
| 510 | 1 | |a The system of international certification and registration of professional engineers |z eng | |
| 610 | 1 | |a электронный ресурс | |
| 610 | 1 | |a труды учёных ТПУ | |
| 610 | 1 | |a образование | |
| 610 | 1 | |a педагогика | |
| 610 | 1 | |a вузы | |
| 610 | 1 | |a инженеры | |
| 610 | 1 | |a компетенции | |
| 610 | 1 | |a регистры | |
| 610 | 1 | |a сертификация | |
| 610 | 1 | |a стандарты | |
| 700 | 1 | |a Чубик |b П. С. |c геолог |c профессор, ректор Томского политехнического университета (с 2008 г.) |f 1954- |g Петр Савельевич |3 (RuTPU)RU\TPU\pers\24546 | |
| 701 | 1 | |a Чучалин |b А. И. |c профессор Томского политехнического университета, доктор технических наук |c проректор по образовательной и международной деятельности |f 1952- |g Александр Иванович |3 (RuTPU)RU\TPU\pers\22021 | |
| 701 | 1 | |a Замятин |b А. В. |c специалист в области информатики и вычислительной техники |c доцент Томского политехнического университета, доктор технических наук |f 1978- |g Александр Владимирович |3 (RuTPU)RU\TPU\pers\25542 | |
| 801 | 2 | |a RU |b 63413507 |c 20171109 |g RCR | |
| 856 | 4 | |u https://elibrary.ru/item.asp?id=16357009 | |
| 942 | |c CF | ||